00516 2200157 4500001002100000005001500021035002000036007000300056008004100059020002200100100001300122245012400135250000900259260006800268300002200336INLIS00000000000017820210726071403 a0010-0721000163ta210726 1  a978-602-437-106-70 aNur Seha1 aPERTARUNGAN SULTAN MAULANA HASANUDDIN DAN PRABU PUCUK UMUN :bCerita Rakyat /cBadan Pengembangan dan Pembinaan Bahasa a2016 aJakarta Timur :bBadan Pengembangan dan Pembinaan Bahasa,c2016 a54 :bFiksi ;c21